Análisis de la problemática y consecuencias de la sustitución de los refrigerantes tradicionales

Tallennettuna:
Bibliografiset tiedot
Päätekijä: Aragón Espinoza, Eduardo José
Aineistotyyppi: Kirja
Julkaistu: [San José , Costa Rica] 1996
Aiheet:
Tagit: Lisää tagi
Ei tageja, Lisää ensimmäinen tagi!

MARC

LEADER 00000nam a2200000Ia 4500
003 007927
005 20221231144247.0
008 140114s1996 cr a m 000 ||s d
040 |c cru CEDI 
090 |a TFG 3467 
100 |a Aragón Espinoza, Eduardo José  |9 10345 
245 |a Análisis de la problemática y consecuencias de la sustitución de los refrigerantes tradicionales 
260 |c 1996  |a [San José , Costa Rica] 
300 |a  [167] hojas : ilustraciones  
500 |a  Tesis (licenciatura en ingeniería mecánica)--Universidad de Costa Rica. Facultad de Ingeniería. Escuela de Ingeniería Mecánica 
650 |x REFRIGERACION  |9 10346 
942 |c TFG 
999 |c 19216  |d 19216